Normal view
MARC view
- علم الدين، دعاء محمد عابدين محمد
Entry Personal Name
001 - CONTROL NUMBER
- control field: 34357
003 - CONTROL NUMBER IDENTIFIER
- control field: JO-AjAnu
005 - DATE AND TIME OF LATEST TRANSACTION
- control field: 20230606075745.0
008 - FIXED-LENGTH DATA ELEMENTS
- fixed length control field: 230606|| aca||aabn | a|a d
040 ## - CATALOGING SOURCE
- Original cataloging agency: JO-AjAnu
- Transcribing agency: JO-AjAnu
100 ## - HEADING--PERSONAL NAME
- Personal name: علم الدين، دعاء محمد عابدين محمد
670 ## - SOURCE DATA FOUND
- Source citation: Work cat.: (JO-AjAnu)17648: علم الدين، دعاء محمد عابدين محمد, author, استثمار العلامات التجارية في تسويق الأنشطة الرياضية